<?xml version="1.0" encoding="UTF-8"?>
<collection xmlns="http://www.loc.gov/MARC21/slim">
<record>
  <controlfield tag="001">6839</controlfield>
  <controlfield tag="005">20240217115102.0</controlfield>
  <datafield tag="037" ind1=" " ind2=" ">
    <subfield code="a">CTALK-2024-0083</subfield>
  </datafield>
  <datafield tag="100" ind1=" " ind2=" ">
    <subfield code="a">Hakim, Kaustubh</subfield>
  </datafield>
  <datafield tag="245" ind1=" " ind2=" ">
    <subfield code="a">Carbon and Sulfur in Exoplanetary Interiors </subfield>
  </datafield>
  <datafield tag="260" ind1=" " ind2=" ">
    <subfield code="c">2022</subfield>
  </datafield>
  <datafield tag="269" ind1=" " ind2=" ">
    <subfield code="c">2022-09-30</subfield>
  </datafield>
  <datafield tag="520" ind1=" " ind2=" ">
    <subfield code="a">Advanced telescopes of this decade including JWST and ELTs are expected to characterize the atmospheres of small to intermediate-sized exoplanets (sub-Earth to sub-Neptune-sized) that are ubiquitous in our galaxy. Detailed observations atmospheric chemistry would build on previous measurements of physical characteristics (orbital period, mass and/or radius, etc.).  The first detected atmospheric molecules would likely be made of carbon, sulfur, hydrogen, and oxygen. I will show the importance of carbon and sulfur that are distributed and recycled among several reservoirs on Earth, from the atmosphere to the core. For small to intermediate-sized exoplanets, the interior plays a key role in determining the atmosphere chemistry. Moreover, pressures, temperatures and compositions of the interior and atmosphere of these exoplanets span a larger diversity than the terrestrial planets in the Solar System. To model the interior structure, evolution and interior-atmosphere interactions on these exoplanets, information of high-pressure high-temperature material properties including equations of state and thermoelastic properties are required. With the help of some examples, I will highlight the need for high-pressure experiments and ab initio calculations to accurately interpret upcoming data on exoplanets. </subfield>
  </datafield>
  <datafield tag="594" ind1=" " ind2=" ">
    <subfield code="a">NO</subfield>
  </datafield>
  <datafield tag="773" ind1=" " ind2=" ">
    <subfield code="t">10th Joint Workshop on High Pressure, Planetary and Plasma Physics (HP4), Brussels, Belgium</subfield>
  </datafield>
  <datafield tag="856" ind1="0" ind2=" ">
    <subfield code="f">kaustubh.hakim@ksb-orb.be</subfield>
  </datafield>
  <datafield tag="906" ind1=" " ind2=" ">
    <subfield code="a">Invited</subfield>
  </datafield>
  <datafield tag="980" ind1=" " ind2=" ">
    <subfield code="a">CTALKINVI</subfield>
  </datafield>
</record>
</collection>